=LDR 00000nam 2200000 4500 =001 INLIS000000000024367 =005 20130612122947 =008 ***********************************Ind** =035 ##$$0010-061300000024367 =041 ##$$a Ind =082 ##$$a 028.5 =090 ##$$a 028.5, Yus s =100 ##$$a Yusuf, Abdul Tawab =245 ##$$a Sumur badar, abdul tawab yusuf =260 ##$$a 2000 $b Jakarta =300 ##$$a 0 hlm, ilus, 28 cm =650 ##$$a Bacaan anak-anak =850 ##$$a NBPNMAT